000 00394nam a2200157Ia 4500
005 20250428174019.0
008 231217s9999 xx 000 0 und d
020 _a9780521794831
082 _a005.276 TEL;1
100 _aTel, Gerard.
245 0 _aIntroduction to distributed algorithms
260 _c2000
_bCambridge Press
_aNew York
300 _axi+596
650 _aabc
942 _cAA
999 _c182308
_d182308